Küresel çatışmayı ve işbirliğini anlamak : (Record no. 13317)

MARC details
000 -BAŞLIK
Sabit Uzunlukta Kontrol Alanı 01043nam a22002657a 4500
999 ## - SİSTEM KONTROL NUMARALARI (KOHA)
Koha Biblionumber 13317
Koha Biblioitemnumber 13317
001 - KONTROL NUMARASI
Denetim Alanı 14190
003 - KONTROL NUMARASI IDENTIFIER
Denetim Alanı MIRAKIL
005 - SON İŞLEM TARİHİ VE ZAMANI
Denetim Alanı 20190617160611.0
008 - SABİT-BOY VERİ ELEMANLARI - GENEL BİLGİLER
Sabit Uzunlukta Kontrol Alanı 190617b tu ||||| |||| 00| 0 tur d
020 ## - ULUSLARARASI STANDART KİTAP NUMARASI
Uluslararası Standart Kitap Numarası 9786053600664
040 ## - KATALOGLAMA KAYNAK
Orijinal Kataloglama Ajansı TR-AnCHP
Kataloglama Dili tur
Metne Dönüştürmek Ajansı TR-AnCHP
082 ## - DEWEY ONLU SINIFLANDIRMA NUMARASI
Sınıflandırma Numarası 327.101
Ürün Numarası N93k 2010
100 ## - ANA GİRİŞ - KİŞİSEL İSİM
Kişisel Ad Nye, Joseph S.
245 ## - BAŞLIK TABLOSU
Başlık Küresel çatışmayı ve işbirliğini anlamak :
Başlığın Kalan kurama ve tarihe giriş /
Sorumluluk Tablosu, Vb Joseph S. Nye, Jr., David A. Welch ; çeviren: Renan Akman.
260 ## - YAYIN, DAĞITIM, VB
Yayın, Dağıtım, Vb Yeri İstanbul:
Yayıncı, Dağıtıcı, Vs Adı Türkiye iş bankası kültür yayınları,
Yayın, Dağıtım, Vb Tarihi 2010.
300 ## - FİZİKSEL TANIM
Kapsam xxıı, 495 s.:
Diğer Fiziksel Ayrıntıları res., hrt.;
Boyutlar 23 sm.
490 ## - SERİSİ TABLOSU
Seri Beyanı Türkiye İş Bankası Kültür yayınları;
Hacim / Ardışık Tanımı Genel yayın: 2071
500 ## - GENEL NOT
Genel Not Yapıtın Özgün adı: Understanding global conflict and cooperation : an introduction to theory and history
504 ## - KAYNAKÇA VB NOT
Kaynakça Vb Notu Dizin vardır.
650 #0 - KONU KATMA GİRİŞ - TOPİKAL DÖNEM
Topikal Süreli Veya Coğrafi Ad Giriş Elemanı Uluslararası ilişkiler
9 (RLIN) 5349
650 #0 - KONU KATMA GİRİŞ - TOPİKAL DÖNEM
Topikal Süreli Veya Coğrafi Ad Giriş Elemanı Dünya politikası/siyaseti
9 (RLIN) 372
Kronolojik Alt Bölümü 20.yy
700 ## - KATMA GİRİŞ - KİŞİSEL İSİM
Kişisel Ad Welch, David A.
9 (RLIN) 5825
700 ## - KATMA GİRİŞ - KİŞİSEL İSİM
Kişisel Ad Akman, Renan
Relator Terim çev.
9 (RLIN) 5826
942 ## - EKLENDİ GİRİŞ ELEMANLARI (KOHA)
Sınıflandırma Veya Raf Düzeni Kaynak Dewey Decimal Classification
Koha Öğesi Türü Books
Holdings
Kalıcı Konum Mevcut Konum Edinme Tarihi Toplam Check-Out'Lar Tam Çağrı Numarası Barkod Tarih Son Görülme İtibaren Geçerli Fiyatlar Koha Öğesi Türü
CHP Kütüphanesi CHP Kütüphanesi 06/17/2019   327.101 N93k 2010 019213 06/17/2019 06/17/2019 Books